Joueurs en R à Barcelone - Depuis 2010 - Statistiques

Statistiques générales
  • Ce quiz a été pris 36 fois
  • Le résultat moyen est 3 sur 8
Statistiques - réponses
Poste Joueur % Correct
Raphinha
88%
Ivan Rakitic
50%
Milieu Rafinha
38%
Sergi Roberto
35%
Oriol Romeu
24%
Attaquant Sandro Ramirez
15%
Pedro Rodriguez
9%
Vitor Roque
9%
Aucun quiz correspondant
Distribution des résultats
% des personnes avec chaque résultat
Percentile par nombre de réponses
Votre historique - résultats
Vous n’avez pas pris ce quiz